LEADER 00971nam a2200241 i 4500 001 000000085332 003 CaOOAMICUS 005 20180830145957.0 008 180830s1972 xx u000 u und u 013 $a57572 020 $a88-7016- 040 $aSeMil$bita 100 1 $aKäsemann, Ernst,$d<1906-1998>.$0(OLS)http://semarc/name/22469 245 12$aL'appello alla libertà. Indagine polemica sul Nuovo Testamento. 260 $aTorino :$bClaudiana,$c1972. 300 $a198 p. 650 4$aBibbia - Libertà.$0(OLS)http://semarc/subject/5461 650 4$aTeologia biblica - NT.$0(OLS)http://semarc/subject/595 850 $aSeMil 852 $aSeMil$W1$xVenegono$y1$m50 5 6 *$j49362$B49362$CSeMilBibl$Z2$F52931 $81 996 $6020$a88-7016-$9(OLS)http://semarc/number/65694 996 $6245$aL'appello alla libertà. Indagine polemica sul Nuovo Testamento$9(OLS)http://semarc/title/131892 996 $6260$aTorino :$bClaudiana$9(OLS)http://semarc/publisher/29837 LEADER 01267nam a2200325 i 4500 001 000000126166 003 CaOOAMICUS 005 20190614104551.0 008 051223s1992 it u000 u ita u 013 $a98868 020 $a88-339-0682-5 040 $aSeMil$bita 100 1 $aEibl-Eibesfeldt, Irenäus.$0(OLS)http://semarc/name/22656 240 14$aDer Mensch - das riskierte Wesen.$0(OLS)http://semarc/title/185932 245 12$aL'uomo a rischio /$cIrenäus Eibl-Eibesfeldt. 260 $aTorino :$bBollati Boringhieri,$c1992. 300 $a236 p. :$btabelle ;$cill. ;$c22 cm. 490 0 $aSaggi 500 $aContiene : Bibliografia. - Fondo Card. C.M. Martini. 650 4$aEtologia.$0(OLS)http://semarc/subject/7613 650 4$aSociologia.$0(OLS)http://semarc/subject/3570 830 0$aSaggi.$0(OLS)http://semarc/title/341 850 $aSeMil 852 $aSeMil$W1$xVenegono$y1$m3XB III 5$j80559$B80559$CSeMilBibl$Z2$F107299 $81 941 1 $a4 961 $aOmaggio: Martini Card. Carlo Maria 996 $6020$a88-339-0682-5$9(OLS)http://semarc/number/112267 996 $6245$aL'uomo a rischio$9(OLS)http://semarc/title/185931 996 $6260$aTorino :$bBollati Boringhieri$9(OLS)http://semarc/publisher/31556